00824nam a2200229 i 4500001000300000100002600003245010800029250003800137260003600175300002100211490002700232500004500259504001400304650006600318830002700384020001500411040000800426041000800434080001300442008004100455856009800496bg1 aMATACZYŃSKI, Maciej10aPrzepisy wymuszające swoje zastosowanie w prawie prywatnym międzynarodowym /cMaciej Mataczyński. aStan prawny na 1 stycznia 2005 r. aKraków :b"Zakamycze",c2005. a282 s. ;c21 cm.1 aMonografie "Zakamycza" aTyt. grzbiet.: Przepisy wymuszające... aBibliogr. 9aPrawo prywatne międzynarodowexzagadnieniaystan na 2005 r. aMonografie "Zakamycza" a8374441259 cBPK0 apol a341.9(1) s pl f |000 0 pol  uhttp://koha.tu.koszalin.pl/cgi-bin/koha/opac-detail.pl?biblionumber=45626yKatalog online BPK